Meine Schwester Tilli / (Titelsatznr. 373345)
[ MARC ]
| 000 -Satzkennung | |
|---|---|
| Kontrollfeld mit fester Länge | 01094nam a2200349 c 4500 |
| 001 - Kontrollnummer | |
| Kontrollfeld | 880228164 |
| 003 - Kontrollnummer Identifier | |
| Kontrollfeld | DE-101 |
| 005 - Datum und Zeit der letzten Transaktion | |
| Kontrollfeld | 20240924084505.0 |
| 007 - Feld mit fester Länge zur physischen Beschreibung - Allgemeine Information | |
| Kontrollfeld mit fester Länge | tu |
| 008 - Feld mit fester Länge zur physischen Beschreibung - Allgemeine Angaben | |
| Kontrollfeld mit fester Länge | 880223s1984 xx ||||| |||| 00||||ger |
| 015 ## - Nummer der Nationalbibliografie | |
| Nummer der Nationalbibliografie | 88,A10,0113 |
| Quelle | dnb |
| 016 7# - Kontrollnummer der nationalbibliografischen Agentur | |
| Quelle | DE-101 |
| Datensatzkontrollnummer | 880228164 |
| 020 ## - Internationale Standardbuchnummer | |
| Bezugsbedingungen | Pp. : M 5.80 |
| 035 ## - Systemkontrollnummer | |
| System-Kontrollnummer | (DE-599)DNB880228164 |
| 035 ## - Systemkontrollnummer | |
| System-Kontrollnummer | (OCoLC)74951025 |
| 040 ## - Katalogisierungsquelle | |
| Original-Katalogisierungsstelle | 1200 |
| Katalogisierungssprache | ger |
| Übertragungsstelle | DE-2950 |
| Bearbeitungsstelle | DE-2950 |
| 041 ## - Sprachcode | |
| Sprachcode des Textes/der Tonspur oder des separaten Titels | ger |
| 044 ## - Ländercode der veröffentlichenden/herstellenden Stelle | |
| ISO-Ländercode | XA-DDDE |
| 084 ## - Andere Notation | |
| Notation | 07 |
| -- | 2304 |
| -- | K |
| Zuweisende Stelle | DE-101 |
| Quelle der Nummer | sdnb |
| 100 1# - Haupteintragung - Personenname | |
| Feldverknüpfung und Reihenfolge | 1\p |
| IDN des Normdatensatzes oder Standardnummer | (DE-588)119236516 |
| -- | https://d-nb.info/gnd/119236516 |
| -- | (DE-101)119236516 |
| Personenname | Weber, Hans |
| Datumsangaben in Verbindung mit einem Namen | 1937-1987 |
| Funktionsbezeichnung | Verfasser |
| Code für Beziehungskennzeichnung | aut |
| 245 10 - Titel | |
| Titel | Meine Schwester Tilli / |
| Verfasserangabe etc. | Hans Weber |
| 250 ## - Ausgabebezeichnung | |
| Ausgabebezeichnung | 9. Aufl. |
| 264 #1 - Produktion, Veröffentlichung, Distribution, Herstellung und Urheberrechtsvermerk | |
| Herstellungs-, Veröffentlichungs- Vertriebs-, Erzeugungsort | Berlin: |
| Produzent, Herausgeber, Distributor, Hersteller | Verl. Neues Leben, |
| Datum der Herstellung, der Veröffentlichung, des Vertriebs oder des Urheberschutzvermerks | 1984 |
| 300 ## - Physische Beschreibung | |
| Umfang | 210 S.: |
| Andere physische Details | Ill. |
| Maße | 21 cm |
| 336 ## - Inhaltstyp | |
| Inhaltstypterm | Text |
| Inhaltstypcode | txt |
| Quelle | rdacontent |
| 337 ## - Medientyp | |
| Bezeichnung des Medientyps | ohne Hilfsmittel zu benutzen |
| Medientypcode | n |
| Quelle | rdamedia |
| 338 ## - Datenträgertyp | |
| Datenträgertypbezeichnung | Band |
| Datenträgertypcode | nc |
| Quelle | rdacarrier |
| 366 ## - Angaben über die Lieferbarkeit im Handel | |
| Code für den Verfügbarkeitsstatus | OP 20221008 |
| Quelle des Codes für den Verfügbarkeitsstatus | onixas |
| 883 ## - Maschinell generierte Metadatenprovenienz | |
| Feldverknüpfung und Reihenfolge | 1\p |
| Generierungsprozess | cgwrk |
| Erstellungsdatum der Kopie | 20210314 |
| Einrichtung, welche die Kopien erstellt hat | DE-101 |
| URL | https://d-nb.info/provenance/plan#cgwrk |
| 942 ## - Zusätzliche Felder (Koha) | |
| Klassifikation oder Aufstellungssystematik | Andere/Generische Klassifikation |
| Koha-Medientyp | Bücher |
| Ausgeschieden | Verloren | Klassifikation oder Aufstellungssystematik | Beschädigt | Nicht entleihbar | Heimatbibliothek | Aufenthaltsbibliothek | Aufstellungsort | Erwerbungsdatum | Lieferant | Anzahl Ausleihen | Signatur | Letzte Aktivität | Exemplarnummer | Preis gültig von | Koha-Medientyp |
|---|---|---|---|---|---|---|---|---|---|---|---|---|---|---|---|
| Andere/Generische Klassifikation | Stadtarchiv Frankfurt (Oder) | Archivbibliothek | Stadtarchiv Frankfurt (Oder) | Archivbibliothek | Magazin | 24/09/2024 | Geschenk | II: 5122 | 24/09/2024 | 60/2024 | 24/09/2024 | Bücher |